000
00305nam a2200121Ia 4500
005
20251222141906.0
008
251222s9999||||xx |||||||||||||| ||spa||
082
_a
510.332/P19
100
_a
Palacios Gomero, Hugo E.
245
0
_a
Compendio de Matemática Financiera
264
_b
Grafisellos
942
_c
LIB
999
_c
8213
_d
8213